[Event "World Amateur-ch U1700"]
[Site "Cagliari"]
[Date "2018.04.27"]
[Round "7"]
[White "Dolgopolov, Oleksandr"]
[Black "Navarra, Stefano"]
[Result "1-0"]
[WhiteElo "1497"]
[BlackElo "1483"]
[PlyCount "77"]
[EventDate "2018.04.22"]
[EventType "swiss"]
[EventRounds "9"]
[EventCountry "ITA"]
[SourceTitle "CBM 184 Extra"]
[Source "ChessBase"]
[SourceDate "2018.06.28"]
[SourceVersion "1"]
[SourceVersionDate "2018.06.28"]
[SourceQuality "1"]

1. e4 d6 2. d4 g6 3. c4 Bg7 4. Nc3 Nf6 5. f3 0-0 6. Nge2 c6 7. g4 e5 8. h4 h5 9. gxh5 Nxh5 10. Bg5 Bf6 11. Rg1 Bxg5 12. Rxg5 Qf6 13. Qd2 Qxf3 14. Bg2 Qf6 15. dxe5 dxe5 16. 0-0-0 Be6 17. Rf1 Qg7 18. Bf3 f6 19. Rxg6 Qxg6 20. Rg1 Qxg1+ 21. Nxg1 Nf4 22. Nge2 Nxe2+ 23. Bxe2 Nd7 24. Bh5 Kh7 25. Qd6 Rad8 26. Qxe6 Nc5 27. Qf5+ Kh8 28. Ne2 Rd7 29. Bg6 Nd3+ 30. Kc2 Ne1+ 31. Kb3 Rd3+ 32. Nc3 Kg7 33. Bh5 Kh8 34. Qg6 Rd7 35. Bg4 Nd3 36. Bxd7 Nc5+ 37. Kc2 Nxd7 38. Qh5+ Kg7 39. Qg4+ 1-0

[Event "World Amateur-ch U1700"]
[Site "Cagliari"]
[Date "2018.04.23"]
[Round "2"]
[White "Arevalo Perez, Luis Alexander"]
[Black "Dolgopolov, Oleksandr"]
[Result "1-0"]
[WhiteElo "1689"]
[BlackElo "1497"]
[PlyCount "80"]
[EventDate "2018.04.22"]
[EventType "swiss"]
[EventRounds "9"]
[EventCountry "ITA"]
[SourceTitle "CBM 184 Extra"]
[Source "ChessBase"]
[SourceDate "2018.06.28"]
[SourceVersion "1"]
[SourceVersionDate "2018.06.28"]
[SourceQuality "1"]

1. e4 Nf6 2. Nc3 d5 3. e5 d4 4. exf6 dxc3 5. fxg7 cxd2+ 6. Qxd2 Qxd2+ 7. Bxd2 Bxg7 8. 0-0-0 Be6 9. a3 Nc6 10. Nf3 0-0 11. Bd3 Ne5 12. Nxe5 Bxe5 13. f4 Bg7 14. Rhe1 Bg4 15. Be2 Bxe2 16. Rxe2 Rfe8 17. Bb4 e6 18. Rd7 Rac8 19. Re3 Red8 20. Red3 Rxd7 21. Rxd7 Bf6 22. g4 h6 23. c4 b6 24. Kc2 a6 25. c5 a5 26. Bd2 bxc5 27. Bxa5 Rb8 28. b4 cxb4 29. axb4 Bd8 30. Kb3 Rc8 31. Kc4 Kf8 32. Kc5 Be7+ 33. Kc6 Bd6 34. b5 Bxf4 35. Bxc7 Be3 36. Rd8+ Rxd8 37. Bxd8 h5 38. gxh5 e5 39. b6 f5 40. b7 Ba7 1-0